000 00253nam a22000977a 4500
008 221215b |||||||| |||| 00| 0 eng d
020 _a9789355617569
100 _aEduCart
_97648
245 _aSample Paper Mathematics-10
260 _aNew Delhi
_bAgarwal
_c2022
999 _c12212
_d12212